[Event "Wch U20 59th"]
[Site "Cala Gonone"]
[Date "2022.10.13"]
[Round "2"]
[White "Davtyan, Artur"]
[Black "Barseghyan, Armen Ar"]
[Result "0-1"]
[WhiteElo "2517"]
[BlackElo "2402"]
[PlyCount "92"]
[EventDate "2022.10.12"]
[EventType "swiss"]
[EventRounds "11"]
[EventCountry "ITA"]
[SourceTitle "CBM 210 Extra"]
[Source "ChessBase"]
[SourceDate "2022.11.30"]
[SourceVersion "1"]
[SourceVersionDate "2022.11.30"]
[SourceQuality "1"]

1. d4 Nf6 2. c4 e6 3. Nf3 d5 4. Nc3 c5 5. cxd5 Nxd5 6. e4 Nxc3 7. bxc3 cxd4 8. cxd4 Bb4+ 9. Bd2 Bxd2+ 10. Qxd2 0-0 11. Bc4 Nd7 12. 0-0 b6 13. Rfe1 Bb7 14. Rad1 Rc8 15. Bb3 Re8 16. h3 h6 17. Re3 Nf6 18. Qe1 Qc7 19. d5 exd5 20. e5 Nd7 21. Bxd5 Bxd5 22. Rxd5 Nf8 23. Nd4 Qc4 24. Rd6 Qxa2 25. Rg3 Qa5 26. Qxa5 bxa5 27. Nc6 Ng6 28. Re3 a4 29. Kh2 Re6 30. Nxa7 Ra8 31. Nc6 a3 32. Rxe6 fxe6 33. Re1 a2 34. Ra1 Ra4 35. Nd8 Nf4 36. g3 Ne2 37. Nxe6 Nc3 38. Nc7 Ra7 39. Ne6 Rb7 40. Nd4 Rb1 41. Nc2 Rb2 42. Nd4 Rxf2+ 43. Kg1 Rb2 44. Rf1 Ne2+ 45. Nxe2 Rb1 46. Nc3 Rxf1+ 0-1

[Event "Wch U20 59th"]
[Site "Cala Gonone"]
[Date "2022.10.12"]
[Round "1"]
[White "Zemach, Nadav"]
[Black "Davtyan, Artur"]
[Result "0-1"]
[WhiteElo "2293"]
[BlackElo "2517"]
[PlyCount "34"]
[EventDate "2022.10.12"]
[EventType "swiss"]
[EventRounds "11"]
[EventCountry "ITA"]
[SourceTitle "CBM 210 Extra"]
[Source "ChessBase"]
[SourceDate "2022.11.30"]
[SourceVersion "1"]
[SourceVersionDate "2022.11.30"]
[SourceQuality "1"]

1. d4 d5 2. c4 e6 3. Nf3 c6 4. Qc2 Nf6 5. g3 dxc4 6. Qxc4 b5 7. Qc2 Bb7 8. Bg2 Nbd7 9. 0-0 c5 10. a4 b4 11. Nbd2 Rc8 12. dxc5 Nxc5 13. Rd1 Bd5 14. Qb1 Be4 15. Qa2 b3 16. Qa3 Bc2 17. Ne5 Ncd7 0-1

[Event "Jermuk Asrian Memorial 13th"]
[Site "Jermuk"]
[Date "2022.06.15"]
[Round "9"]
[White "Davtyan, Artur"]
[Black "Sargsyan, Shant"]
[Result "1/2-1/2"]
[WhiteElo "2488"]
[BlackElo "2648"]
[PlyCount "23"]
[EventDate "2022.06.07"]
[EventType "swiss"]
[EventRounds "9"]
[EventCountry "ARM"]
[SourceTitle "CBM 209 Extra"]
[Source "ChessBase"]
[SourceDate "2022.09.30"]
[SourceVersion "1"]
[SourceVersionDate "2022.09.30"]
[SourceQuality "1"]

1. e4 e5 2. Nf3 Nf6 3. Nxe5 d6 4. Nc4 Nxe4 5. Qe2 Qe7 6. Ne3 Nc6 7. Nd5 Nd4 8. Nxe7 Nxe2 9. Nxc8 Nxc1 10. Nc3 Nxc3 11. bxc3 Rxc8 12. Rxc1 1/2-1/2